ARRUPE JESUIT UNIVERSITY

CORONAVIRUS -STOP THE SPREAD - CLEAN,DISINFECT,COVER

The urban neighborhood: (Record no. 121253)

MARC details
000 -LEADER
fixed length control field 00964cam a2200325 4500
001 - CONTROL NUMBER
control field 138678
003 - CONTROL NUMBER IDENTIFIER
control field ARRUPE
005 - DATE AND TIME OF LATEST TRANSACTION
control field 20141114130545.0
008 - FIXED-LENGTH DATA ELEMENTS--GENERAL INFORMATION
fixed length control field 830217s1968 nyu b 000 0 eng
010 ## - LIBRARY OF CONGRESS CONTROL NUMBER
LC control number 67022331
035 ## - SYSTEM CONTROL NUMBER
System control number (OCoLC)712484
035 ## - SYSTEM CONTROL NUMBER
System control number (OCoLC)ocm00712484
035 ## - SYSTEM CONTROL NUMBER
System control number (CStRLIN)NYCG83-B12161
035 ## - SYSTEM CONTROL NUMBER
System control number (NNC)138678
040 ## - CATALOGING SOURCE
Transcribing agency CU-AL
Modifying agency NNC
050 0# - LIBRARY OF CONGRESS CALL NUMBER
Classification number HT151
Item number .K38
082 ## - DEWEY DECIMAL CLASSIFICATION NUMBER
Classification number 301.3/64
090 ## - LOCALLY ASSIGNED LC-TYPE CALL NUMBER (OCLC); LOCAL CALL NUMBER (OCLC)
Classification number (OCLC) (R) ; Classification number, CALL (RLIN) (NR) HT151
Local cutter number (OCLC) ; Book number/undivided call number, CALL (RLIN) .K38
300 ## - PHYSICAL DESCRIPTION
Dimensions 19 cm.
100 1# - MAIN ENTRY--PERSONAL NAME
Personal name Keller, Suzanne Infeld,
Dates associated with a name 1927-
9 (RLIN) 12680
245 14 - TITLE STATEMENT
Title The urban neighborhood:
Remainder of title a sociological perspective
Statement of responsibility, etc [by] Suzanne Keller.
260 ## - PUBLICATION, DISTRIBUTION, ETC. (IMPRINT)
Place of publication, distribution, etc New York,
Name of publisher, distributor, etc Random House
Date of publication, distribution, etc [1968]
300 ## - PHYSICAL DESCRIPTION
Extent xv, 201 p.
490 1# - SERIES STATEMENT
Series statement Studies in sociology. [N. Y., Random]
504 ## - BIBLIOGRAPHY, ETC. NOTE
Bibliography, etc Bibliography: p. [183]-194.
650 #0 - SUBJECT ADDED ENTRY--TOPICAL TERM
Topical term or geographic name as entry element Neighborhoods.
9 (RLIN) 12681
650 #0 - SUBJECT ADDED ENTRY--TOPICAL TERM
Topical term or geographic name as entry element Sociology, Urban.
9 (RLIN) 12682
830 #0 - SERIES ADDED ENTRY--UNIFORM TITLE
Uniform title Studies in sociology. [N. Y., Random].
9 (RLIN) 12683
942 ## - ADDED ENTRY ELEMENTS (KOHA)
Source of classification or shelving scheme Library of Congress Classification
Koha item type Monograph ( Printed materials)
Holdings
Withdrawn status Lost status Source of classification or shelving scheme Damaged status Not for loan Collection code Home library Current library Shelving location Date acquired Total Checkouts Full call number Barcode Date last seen Price effective from Koha item type
    Library of Congress Classification     Main Collection ARRUPE LIBRARY ARRUPE LIBRARY Main Collection 14/11/2014   HT151 .K38 46500003674 30/04/2018 14/11/2014 Monograph ( Printed materials)

 

Arrupe Library. PO Box MP320 Mt Pleasant, Harare, Zimbabwe
263 242 745411|librarian@aju.ac.zw